Statistiche per Caduti della Prima Guerra Mondiale

Clicka qui per fare il quiz!

Statistiche generali

  • Questo quiz è stato fatto 1.055 volte
  • Il punteggio medio è 15 su 21

Statistiche sulle risposte

CadutiPaese% Corretto
651.000Italia
99%
1.397.800Francia
99%
2.037.000Germania
99%
2.254.369Russia
98%
1.494.200Austria-Ungheria
96%
960.036Regno Unito
96%
116.708Stati Uniti
96%
4.661Giappone
83%
26.000Grecia
80%
771.844Impero Ottomano
79%
58.637Belgio
79%
450.000Serbia
72%
64.997Canada
72%
335.706Romania
70%
87.500Bulgaria
65%
62.081Australia
64%
7.222Portogallo
62%
18.053Nuova Zelanda
45%
9.592Sudafrica
35%
13.325Montenegro
30%
1.570Terranova
7%

Distribuzione punteggi

Percentile per numero di risposta

Percentuale di utenti per punteggio

I tuoi punteggi nel tempo

Non hai fatto questo quiz